000 00548nam a2200193 a 4500
005 20140310183154.0
008 970101s19uu xx 00 eng d
020 _a0070038929
050 _aQA 76.5
_b.B283 [ca.1970]
100 _aBartee, Thomas C.
245 _aDigital computer fundamentals /
_cThomas C. Bartee.
250 _a4th ed.
260 _aNew York :
_bMCGraw-Hill Book Company,
_c1977.
300 _a563 p. :
_bill. ;
_c23 cm.
521 _aIT
650 _aElectronic digital computers
942 _cBK
_2lcc
_kFOR
999 _c19718
_d19718